Normal view
MARC view
Entry Topical Term
001 - CONTROL NUMBER
- control field: 54324
003 - CONTROL NUMBER IDENTIFIER
- control field: OSt
005 - DATE AND TIME OF LATEST TRANSACTION
- control field: 20250612151412.0
008 - FIXED-LENGTH DATA ELEMENTS
- fixed length control field: 250612|| aca||aabn | a|a d
040 ## - CATALOGING SOURCE
- Original cataloging agency: OSt
- Transcribing agency: OSt
150 ## - HEADING--TOPICAL TERM
- Topical term or geographic name entry element: Crisis, Occupational well-being, Job insecurity, Emotional state
670 ## - SOURCE DATA FOUND
- Source citation: Work cat.: (OSt): Chatzoglou, Prodromos D, Diamantidis, Anastasios and Papantoni, Konstantina 54323, Uncovering the Relationship Between Employee Emotions and Occupational Well-Being During Economic Crises
